Statistiques concernant Quiz sur le football suisse

Cliquez ici pour prendre le quiz!

Statistiques générales

  • Ce quiz a été pris 244 fois
  • Le résultat moyen est 10 sur 16

Statistiques - réponses

QuestionRéponse% Correct
Couleurs historiques du maillot suisseRouge
91%
Couleurs historiques du maillot suisseBlanc
90%
Equipes vainqueurs de la Super League suisse (depuis 2003-2004)BSC Young Boys
90%
Equipes vainqueurs de la Super League suisse (depuis 2003-2004)FC Bâle
84%
Nombre d'équipes participant à la participant à la première division du championnat de Suisse de football (à partir de 2023-2024)12
82%
Joueur suisse ayant évolué au Bayern Munich, à l'Inter Milan, à Liverpool ou encore à l'Olympique LyonnaisXherdan Shaqiri
82%
Equipes vainqueurs de la Super League suisse (depuis 2003-2004)FC Zurich
79%
Le surnom de l'équipe nationale suisseLa Nati
75%
La Super League suisse est composée d'équipes de 2 pays différents, la Suisse et ?Le Liechtenstein
70%
Meilleur buteur du championnat en 2018-2019, ce joueur est également passé par le PSG au cours de sa carrièreGuillaume Hoarau
58%
Meilleur buteur de la sélectionAlexander Frei
53%
Sélectionneur de la Suisse de 2014 à 2021Vladimir Petkovic
50%
Club le plus titré de l'histoire du championnat suisseGrasshopper Club Zurich
42%
Le meilleur classement de la Suisse au classement FIFA est une septième place, en quel année cela fut-il le cas ?1994
31%
Parmi les équipes que la Suisse a affronté au moins 10 fois, quel est l'adversaire contre lequel la Suisse réussit le mieux ?Luxembourg
23%
Joueur le plus capé de la sélectionHeinz Hermann
9%

Distribution des résultats

Percentile par nombre de réponses

% des personnes avec chaque résultat

Votre développement - résultats

Vous n’avez pas pris ce quiz